000 00654nam a22002417a 4500
003 UA-OsUOA
001 99759
007 ta
008 20130515b un ||||| |||| 00| 0 ukr d
100 _aСтроев Л.
090 _a821.161.1
_bС86
942 _cBK
040 _aUA-OsUOA
_brus
_cUA-OsUOA
_dUA-OsUOA
245 _aОт меча и погибнет
_bроман
300 _a333 с.
_bІлюстрації
955 _a3
041 _arus
080 _a821.161.1
260 _aСимферополь
_bТаврия
_c1988
044 _aRU
650 7 _a82 Література. Літературознавство
_2UDC
999 _c385943
_d385943